| 000 | 01206nam a2200337 i 4500 | ||
|---|---|---|---|
| 001 | 768714001 | ||
| 003 | CO-MdFUSB | ||
| 005 | 20240827095149.0 | ||
| 007 | ta | ||
| 008 | 230422t2009 ck ad||g |||| 00| | spa d | ||
| 020 | _a9780980629316 | ||
| 040 |
_aCO-MdFUSB _bspa _cCO-MdFUSB _dCO-MdFUSBC _erda |
||
| 041 | _aspa | ||
| 082 |
_223 _a252 _bSU967p |
||
| 240 | _aPreaching God´s big story | ||
| 245 | 1 |
_aPredicar : _bla gran historia de Dios _c/ traducido por Suyai Rodríguez Camerone ; editado por Elsa Galán de Poceros |
|
| 250 | _aprimera edición | ||
| 264 | 1 |
_aColombia : _bTorrentes de vida, _c[2009] |
|
| 264 | 4 | _c© 2009 | |
| 300 |
_a96 páginas _c; 21 cm |
||
| 336 |
_2rdacontent _atexto _btxt |
||
| 337 |
_2rdamedia _asin mediación _bn |
||
| 338 |
_2rdacarrier _avolumen _bnc |
||
| 505 | _aOrar, preparar, predicar -- Bosquejos para elaborar prédicas que muestran el gran panorama de la biblia -- Escritos para profesores de la Biblia en todas partes del mundo. | ||
| 563 | _aRústico | ||
| 650 | 0 |
_954 _aPredicación |
|
| 700 |
_etraductor _98148 _aRodríguez Cameron, Suyai, |
||
| 700 |
_eeditor _98147 _aGalán de Poceros, Elsa |
||
| 942 | _cBK | ||
| 945 | _aMag 1104 | ||
| 999 |
_c68760 _d68760 |
||